Reglamento para la Asamblea de Diputaciones : aprobado en sesión de 5 de noviembre de 1906 aprobado en sesión de 5 de noviembre de 1906
Descripción Física:
12 p. ; 21 cm
MARC
| LEADER | 00000nam a2200000Ia 4500 | ||
|---|---|---|---|
| 001 | 1576 | ||
| 008 | 160829s1906 xx 000 0 cat d | ||
| 080 | |a RF-5-42 | ||
| 245 | |a Reglamento para la Asamblea de Diputaciones : |b aprobado en sesión de 5 de noviembre de 1906 | ||
| 260 | |a Barcelona : |b (Imp. Casa Caritat), |c 1906 | ||
| 300 | |a 12 p. ; |c 21 cm | ||
| 650 | |a Diputacions províncials |x Reglaments i procediment |9 33022 | ||
| 856 | 4 | |u https://media.diba.cat/diba/fitxers/arxiu/fulletons/bib_1576_1906_baixa.pdf |y Accés lliure | |
| 856 | 4 | |u https://media.diba.cat/diba/fitxers/arxiu/fulletons/bib_1576_1906_baixa.pdf |y Accés lliure | |
| 901 | |a Arxiu | ||
| 942 | |n 1 |2 udc | ||
| 952 | |0 0 |1 0 |4 0 |6 RF542 |7 1 |9 46178 |a Arxiu |b Arxiu |d 2016-12-01 |l 0 |o RF-5-42 |p 1576 |r 2016-12-01 00:00:00 |w 2016-12-01 |y ARXIU | ||
| 999 | |c 49680 |d 49680 | ||
| 900 | |a bib_1576_1906_baixa.pdf | ||